000 00199nam a22000977a 4500
082 _a823
_bPOL/F
100 _aPOLLY
245 _aTHE FIRE FIGHTERS COUNTING BOOK
650 _aENGLISH STORY
942 _cBK
999 _c7750
_d7750